000 01174nam a2200301Ia 4500
003 OSt
005 20221005110629.0
006 a|||||r|||| 00| 0
007 ta
008 221004b |||||||| |||| 00| 0 hin d
020 _a9789326350099 (hbk)
_cINR 180.00
024 _a37533
037 _bBW/1689, 15/03/2018, Bookwell
_cTextual
040 _aCRL
_cCRL
_bhin
041 _2hin
_ahin
082 _aO152,8NTYx, Q2
100 _aत्यागी, रवीन्द्रनाथ, ले.
245 0 _aशेष - अवशेष
246 _aSheṣh - avasheṣha
250 _aसंस्करण 2
260 _aनई दिल्ली
_bभारतीय ज्ञानपीठ भारत
_c2012
300 _a179पृ0
_ccm.
490 _aलोकोदय ग्रन्थमाला; ग्रन्थांक 1063
650 _a हिन्दी साहित्य
650 _aहिन्दी हास्य व्यग्ंय
942 _hO152,8NTYx, Q2
_cTEXL
_2cc
999 _c1019398
_d1019398